Normal view MARC view

Entry Nombre personal

Number of records used in: 1

001 - NÚMERO DE CONTROL

  • campo de control: 935

003 - IDENTIFICADOR DE NÚMERO DE CONTROL

  • campo de control: DLC

005 - FECHA Y HORA DE LA ÚLTIMA TRANSACCIÓN

  • campo de control: 20260319154735.0

008 - ELEMENTOS DE DATO DE LONGITUD-FIJA

  • campo de control de longitud fija: 791011n| azannaabn |b aaa

010 ## - NÚMERO DE CONTROL DE LA BIBLIOTECA DEL CONGRESO

  • Número de control de LC: n 79084822

035 ## - NÚMERO DE CONTROL DEL SISTEMA

  • Número de control de sistema: (OCoLC)oca00317310

040 ## - FUENTE DE CATALOGACIÓN

  • Centro catalogador/agencia de origen: DLC
  • Lengua de catalogación: eng
  • Normas de descripción: rda
  • Centro/agencia transcriptor: DLC
  • Centro/agencia modificador: DLC
  • Centro/agencia modificador: OCoLC
  • Centro/agencia modificador: DLC
  • Centro/agencia modificador: OCoLC
  • Centro/agencia modificador: DLC

046 ## - FECHAS CON CODIFICACIÓN ESPECIAL

  • Fecha de nacimiento: 1886
  • Fecha de la muerte: 1978

053 #0 - NÚMERO DE CLASIFICACIÓN LC

  • Número de clasificación–único número o número inicial del rango: PQ6623.A4

053 #0 - NÚMERO DE CLASIFICACIÓN LC

  • Número de clasificación–único número o número inicial del rango: DP264.M25
  • Término explicativo: (Biography as diplomat)

100 1# - ENCABEZAMIENTO-NOMBRE DE PERSONA

  • Nombre de persona: Madariaga, Salvador de,
  • Fechas asociadas al nombre: 1886-1978

400 1# - TRAZADO DE VÉASE--NOMBRE DE PERSONA

  • Nombre de persona: Arceval, Julio,
  • Fechas asociadas al nombre: 1886-1978

400 1# - TRAZADO DE VÉASE--NOMBRE DE PERSONA

  • Nombre de persona: De Madariaga, Salvador,
  • Fechas asociadas al nombre: 1886-1978

400 1# - TRAZADO DE VÉASE--NOMBRE DE PERSONA

  • Nombre de persona: Madariaga y Rojo, Salvador de,
  • Fechas asociadas al nombre: 1886-1978

400 1# - TRAZADO DE VÉASE--NOMBRE DE PERSONA

  • Nombre de persona: Rojo, Salvador de Madariaga y,
  • Fechas asociadas al nombre: 1886-1978

400 1# - TRAZADO DE VÉASE--NOMBRE DE PERSONA

  • Nombre de persona: מאדריגה, סאלוואדור דה,
  • Fechas asociadas al nombre: 1886־

670 ## - FUENTE DE DATOS ENCONTRADOS

  • Cita de la fuente: His La guerra desde Londres.

670 ## - FUENTE DE DATOS ENCONTRADOS

  • Cita de la fuente: España, 1979:
  • Información encontrada: t.p. (Salvador de Madariaga) jkt. (d. Dec. 4.1978, Locarno)